Detalles MARC
| 000 -CABECERA |
| Longitud fija campo de control |
01604nam a2200337 i 4500 |
| 005 - • FECHA Y HORA DE LA ÚLTIMA TRANSACCIÓN |
| Fecha y hora de la última transacción |
20220316235224.0 |
| 008 - • CÓDIGOS DE INFORMACIÓN DE LONGITUD FIJA |
| Códigos de información de longitud fija |
121119s2002 ck a gs 000 fbspa d |
| 020 ## - • NÚMERO INTERNACIONAL NORMALIZADO PARA LIBROS |
| Número Internacional Normalizado para Libros (ISBN) |
9582401001 |
| 040 ## - FUENTE DE LA CATALOGACIÓN |
| Centro catalogador de origen |
CO-BoRNBP |
| Lengua de catalogación |
spa |
| Centro transcriptor |
CO-BoRNBP |
| Normas de descripción |
rda |
| 041 ## - • CÓDIGO DE LENGUA |
| Código de lengua del texto/banda sonora o título independiente |
spa |
| 084 ## - • Clasificación Local Alfanúmerica PNLB |
| Número de clasificación |
N DAH1 |
| 100 1# - • PUNTO DE ACCESO PRINCIPAL-NOMBRE DE PERSONA |
| Nombre de persona |
Dahl, Roald, |
| Fechas asociadas al nombre |
1916-1990 |
| 245 14 - • TITULO PROPIAMENTE DICHO |
| Título |
Las brujas |
| Mención de responsabilidad, etc. |
Roald Dahl ; ilustraciones de Quentin Blake ; traducción de Maribel de Juan |
| 250 ## - • MENCIÓN DE EDICIÓN |
| Resto de la mención de edición |
Décima reimpresión |
| Mención de edición |
1a. ed. |
| 264 #1 - PRODUCCIÓN, PUBLICACIÓN , DISTRIBUCIÓN, FABRICACIÓN Y COPYRIGHT |
| Lugar de producción, publicación, distribución, fabricación |
Bogotá |
| Nombre del productor, editor, distribuidor, fabricante |
Editorial Santillana |
| Fecha de de producción, publicación, distribución, fabricación o copyright |
2002 |
| 300 ## - • DESCRIPCIÓN FÍSICA |
| Extensión |
200 páginas |
| Otras características físicas |
ilustraciones en blanco y negro |
| Dimensiones |
20 cm. |
| 336 ## - TIPO DE CONTENIDO |
| Término de tipo de contenido |
texto |
| Código de tipo de contenido |
txt |
| Fuente |
rdacontent |
| 337 ## - TIPO DE MEDIO |
| Nombre del tipo de medio |
sin mediación |
| Código del tipo de medio |
n |
| Fuente |
rdamedia |
| 338 ## - TIPO DE SOPORTE |
| Nombre del tipo de soporte |
volumen |
| Código del tipo de soporte |
nc |
| Fuente |
rdacarrier |
| 500 ## - • NOTA GENERAL |
| Nota general |
Incluye datos biográficos del autor |
| 505 ## - • NOTA DE CONTENIDO CON FORMATO |
| Nota de contenido con formato |
Mi abuela -- Cómo reconocer a una bruja -- La gran bruja -- Vacaciones de verano -- El congreso -- Achicharrada -- Fórmula Ratonizador de Acción retardada -- La receta -- Bruno desaparece -- Las ancianas -- Metamorfosis -- Bruno -- Hola, abuela -- El ratón ladrón -- Presentación de Bruno al Sr. y la Sra. Jenkins -- El plan -- En la cocina -- El sr. Jenkins y su hijo -- El triunfo -- El corazón de un ratón -- ¡Vamos a trabajar! |
| 521 ## - • NOTA DE PÚBLICO DESTINATARIO |
| Nota público destinatario (R ) |
Recomendado a partir de 10 años en adelante |
| 534 ## - • Nota De Versión Original |
| Título |
Witches |
| 650 14 - • PUNTO DE ACCESO ADICIONAL DE MATERIA - TÉRMINO DE MATERIA |
| Término de materia o nombre geográfico como elemento inicial |
Novela infantil inglesa |
| Subdivisión cronológica |
Siglo XX |
| Fuente del encabezamiento o término |
LEMB |
| 650 14 - • PUNTO DE ACCESO ADICIONAL DE MATERIA - TÉRMINO DE MATERIA |
| Término de materia o nombre geográfico como elemento inicial |
Literatura infantil inglesa |
| Subdivisión cronológica |
Siglo XX |
| Fuente del encabezamiento o término |
LEMB |
| 650 14 - • PUNTO DE ACCESO ADICIONAL DE MATERIA - TÉRMINO DE MATERIA |
| Término de materia o nombre geográfico como elemento inicial |
Brujas |
| Subdivisión de forma |
Novela |
| Fuente del encabezamiento o término |
LEMB |
| 650 14 - • PUNTO DE ACCESO ADICIONAL DE MATERIA - TÉRMINO DE MATERIA |
| Término de materia o nombre geográfico como elemento inicial |
Mujeres |
| Subdivisión de forma |
Novela |
| Fuente del encabezamiento o término |
LEMB |
| 700 1# - • PUNTO DE ACCESO ADICIONAL - NOMBRE DE PERSONA |
| Nombre de persona |
Juan, Maribel de, |
| Término indicativo de función |
traductor |
| 700 1# - • PUNTO DE ACCESO ADICIONAL - NOMBRE DE PERSONA |
| Nombre de persona |
Blake, Quentin, |
| Término indicativo de función |
ilustrador |
| 942 ## - ENTRADA DE ELEMENTOS AGREGADOS (KOHA) |
| Fuente de clasificaión o esquema |
|
| Koha [por defecto] tipo de item |
Libro Literatura |